000 00599nam a2200205 i 4500
001 89895
003 ES-MaACL
005 20230906180309.0
007 t|
008 050114s1952 sp ||||1| spa d
080 _a15(075.3)
080 _a16(075.3)
080 _a17(075.3)
100 1 _aLatorre y Timoneda, Emilio.
_970546
245 1 0 _aPsicología, lógica y ética /
_cEmilio Latorre y Timoneda y Teodoro Agustín Rubio.
260 _aMadrid :
_b[s.n.],
_c1952 (
_fImp. Juan Bravo)
300 _a185 p. ;
_c22 cm.
700 1 _aAgustín Rubio, Teodoro.
_918922
852 _aES-MaACL
_jD-9139
999 _c89895
_d89895